Análisis de colas, aplicado a evaluación económica de proyectos de ampliación de puentes

Gorde:
Xehetasun bibliografikoak
Egile nagusia: Elizondo Esquivel, Olman
Formatua: Liburua
Argitaratua: San José, Costa Rica 1989
Gaiak:
Etiketak: Etiketa erantsi
Etiketarik gabe, Izan zaitez lehena erregistro honi etiketa jartzen!

MARC

LEADER 00000nam a2200000Ia 4500
003 004754
005 20221231144338.0
008 140114s1989 cr a m 000 ||s d
040 |c cru CEDI 
090 |a TFG 2209 
100 |a Elizondo Esquivel, Olman  |9 13300 
245 |a Análisis de colas, aplicado a evaluación económica de proyectos de ampliación de puentes 
260 |c 1989  |a San José, Costa Rica 
300 |a  [x], 87 hojas ; 28 cm  
500 |a  Proyecto de graduación (licenciatura en ingeniería civil)--Universidad de Costa Rica. Facultad de Ingeniería. Escuela de Ingeniería Civil 
650 |x PUENTES - COSTA RICA   |x TEORIA DE LAS COLAS (MATEMATICAS)  |9 13301 
942 |c TFG  |2 ddc 
999 |c 20496  |d 20496